000 00578cam a2200217 a 4500
001 3749899
005 20180302085802.0
008 820204s1982 maua j 000 0 eng
010 _a 82002220
020 _a088377240X (pbk.)
040 _aDLC
_cDLC
_dDLC
041 _aeng
042 _alcac
080 _a428.202465 DOU
082 0 0 _a428.202465 DOU
_219
100 1 _a25
101 _aEDU
245 1 0 _aBusiness concepts for English practice /
_cBarbara Tolley Dowling, Marianne McDougal.
906 _a7
_bcbc
_corignew
_d1
_eocip
_f19
_gy-gencatlg
942 _2ddc
_cBK
999 _c44094
_d44094